000 00735nam a2200277Ia 4500
003 OSt
005 20221006155544.0
006 a|||||r|||| 00| 0
007 ta
008 221006b |||||||| |||| 00| 0 chi d
020 _a9787040059847 (V.1)
_cYu 10.60
024 _a42,514
037 _cTextual
040 _aEASL
_cEASL
_bchi
041 _2chi
_achi
082 _aP41, N9.1
100 _aHuang B Ed.
_9669583
245 0 _aXiandai Hanyu
260 _aBeijing
_bGaodong Jiaoyu Chubanshe China
_c1999
300 _a333p.
_ccm.
490 _v CL
650 _aCL
_9642733
700 _a Liao Xudong Ed.
_9658896
942 _hP41, N9.1
_cTEXL
_2CC
999 _c1110600
_d1110600